Short stories in French for intermediate learners (Record no. 4694)

MARC details
000 -CABECERA
campo de control de longitud fija 02838cam a2200469 i 4500
001 - NÚMERO DE CONTROL
campo de control 22978963
005 - FECHA Y HORA DE LA ÚLTIMA TRANSACCIÓN
campo de control 20250523065106.0
008 - DATOS DE LONGITUD FIJA--INFORMACIÓN GENERAL
campo de control de longitud fija 230217t20212021enka 000 j eng d
010 ## - NÚMERO DE CONTROL DE LA BIBLIOTECA DEL CONGRESO
Número de control de LC 2023286181
015 ## - NÚMERO DE BIBLIOGRAFÍA NACIONAL
Número de bibliografía nacional GBC133285
Fuente bnb
016 7# - NÚMERO DE CONTROL DE UNA AGENCIA BIBLIOGRÁFICA NACIONAL
Número de control del registro 020120779
Fuente Uk
020 ## - NÚMERO INTERNACIONAL ESTÁNDAR DEL LIBRO
Número Internacional Estándar del Libro 9781529361506
035 ## - NÚMERO DE CONTROL DEL SISTEMA
Número de control de sistema (OCoLC)on1260444536
040 ## - FUENTE DE LA CATALOGACIÓN
Centro/agencia transcriptor tbs
041 0# - CÓDIGO DE LENGUA
Código de lengua del texto/banda sonora o título independiente eng
-- fre
042 ## - CÓDIGO DE AUTENTICACIÓN
Código de autenticación lccopycat
050 00 - SIGNATURA TOPOGRÁFICA DE LA BIBLIOTECA DEL CONGRESO
Número de clasificación PC2115
Número de documento/Ítem .R454 2021
100 ## - ENTRADA PRINCIPAL--NOMBRE DE PERSONA
Nombre de persona Richards, Olly
Término indicativo de función/relación author
9 (RLIN) 12403
245 10 - MENCIÓN DE TÍTULO
Título Short stories in French for intermediate learners
Resto del título : read for pleasure at your level and learn French the fun way!
Mención de responsabilidad, etc. / Olly Richards ; series editor, Rebecca Moeller ; development editor, Bruno Paul ; translated by Karine Harrington ; illustrations by Stephen Johnson.
260 ## - PUBLICACIÓN, DISTRIBUCIÓN, ETC.
Lugar de publicación, distribución, etc. London :
Nombre del editor, distribuidor, etc. John Murray Learning,
Fecha de publicación, distribución, etc. 2021.
300 ## - DESCRIPCIÓN FÍSICA
Extensión xi, 246 pages :
Otras características físicas illustrations ;
Dimensiones 20 cm
490 ## - MENCIÓN DE SERIE
Mención de serie Teach yourself
490 ## - MENCIÓN DE SERIE
Mención de serie Foreign language graded reader series
505 0# - NOTA DE CONTENIDO CON FORMATO
Nota de contenido con formato Introduction — How to read effectively — The six-step reading process — Un réve de feu — La persévérance finit par payer — Une ville horrible — Mon ami le super-ordinateur — Mathieu Mallard et al recette secrète du soda — La ville de Skull Tooth — Petits copains et petites copines — Le défi des monstres.
505 0# - NOTA DE CONTENIDO CON FORMATO
Nota de contenido con formato Mapped to B1-B2 on the Common European Framework of Reference — A glossary for bolded words in each text — A bilingual word list — Full plot summary — Comprehension questions after each chapter.
520 ## - SUMARIO, ETC.
Sumario, etc. An unmissable collection of eight unconventional and captivating short stories for young adult and adult intermediate learners of French. What does this book give you? Eight stories in a variety of exciting genres, from science fiction and crime to history and thriller - making reading fun, while you learn a wide range of new vocabulary Controlled language at your level, to help you progress confidently Realistic spoken dialogues, to help you learn conversational expressions and improve your speaking ability Accessible grammar so you learn new structures naturally, in a stress-free way.
546 ## - NOTA DE LENGUA/LENGUAJE
Nota de lengua/lenguaje Text in French and English.
650 #0 - PUNTO DE ACCESO ADICIONAL DE MATERIA--TÉRMINO DE MATERIA
Término de materia o nombre geográfico como elemento de entrada French language
Subdivisión general Readers
9 (RLIN) 12401
650 #0 - PUNTO DE ACCESO ADICIONAL DE MATERIA--TÉRMINO DE MATERIA
Término de materia o nombre geográfico como elemento de entrada Readers (Adult)
9 (RLIN) 25300
650 #0 - PUNTO DE ACCESO ADICIONAL DE MATERIA--TÉRMINO DE MATERIA
Término de materia o nombre geográfico como elemento de entrada French language
Subdivisión general Study and teaching
-- Foreign speakers
9 (RLIN) 24325
650 #0 - PUNTO DE ACCESO ADICIONAL DE MATERIA--TÉRMINO DE MATERIA
Término de materia o nombre geográfico como elemento de entrada French language
Subdivisión de forma Self-instruction
9 (RLIN) 25301
650 #0 - PUNTO DE ACCESO ADICIONAL DE MATERIA--TÉRMINO DE MATERIA
Término de materia o nombre geográfico como elemento de entrada Short stories, French
9 (RLIN) 25302
655 #0 - TÉRMINO DE INDIZACIÓN--GÉNERO/FORMA
Datos o término principal de género/forma Readers (Adult)
9 (RLIN) 22484
655 #0 - TÉRMINO DE INDIZACIÓN--GÉNERO/FORMA
Datos o término principal de género/forma Short stories
9 (RLIN) 22375
655 #0 - TÉRMINO DE INDIZACIÓN--GÉNERO/FORMA
Datos o término principal de género/forma Instructional and educational works
9 (RLIN) 23270
655 #0 - TÉRMINO DE INDIZACIÓN--GÉNERO/FORMA
Datos o término principal de género/forma Self-instructional works
9 (RLIN) 25331
700 ## - ENTRADA AGREGADA--NOMBRE PERSONAL
Nombre de persona Moeller, Rebecca Klevberg
Término indicativo de función/relación editor
9 (RLIN) 25299
700 ## - ENTRADA AGREGADA--NOMBRE PERSONAL
Nombre de persona Paul, Bruno
Término indicativo de función/relación editor
9 (RLIN) 25303
700 ## - ENTRADA AGREGADA--NOMBRE PERSONAL
Nombre de persona Harrington, Karine
Término indicativo de función/relación translator
9 (RLIN) 25304
700 ## - ENTRADA AGREGADA--NOMBRE PERSONAL
Nombre de persona Johnson, Steven
Término indicativo de función/relación illustrator
9 (RLIN) 8277
942 ## - ELEMENTOS DE ENTRADA AGREGADA (KOHA)
Fuente del sistema de clasificación o colocación Clasificación de Library of Congress
Holdings
Estado de retiro Estado de pérdida Fuente del sistema de clasificación o colocación Estado dañado No para préstamo Biblioteca de origen Biblioteca actual Fecha de adquisición Total de préstamos Signatura topográfica completa Código de barras Fecha visto por última vez Número de copia Precio válido a partir de Tipo de ítem Koha
    Clasificación de Library of Congress     TBS Barcelona TBS Barcelona 22/05/2025   READER-FR RIC B05870 22/05/2025 1 22/05/2025 Teach Yourself French

Powered by Koha